Giáo trình độc chất học môi trường đất
Giới thiệu khái quát về sự ô nhiễm hoá học trong đất, độc chất hữu cơ trong đất, độc chất phóng xạ, độc chất hoá học và môi trường đất... Sự vận chuyển và chuyển biến độc chất trong đất, ảnh hưởng của độc chất hoá học trên tie...
সংরক্ষণ করুন:
| প্রধান লেখক: | |
|---|---|
| বিন্যাস: | গ্রন্থ |
| ভাষা: | Vietnamese |
| প্রকাশিত: |
Cần Thơ
Nxb. Đại học Cần Thơ
2012
|
| বিষয়গুলি: | |
| ট্যাগগুলো: |
ট্যাগ যুক্ত করুন
কোনো ট্যাগ নেই, প্রথমজন হিসাবে ট্যাগ করুন!
|
| Thư viện lưu trữ: | Thư viện Trường Đại học Nam Cần Thơ |
|---|
| LEADER | 02485aam a22003018a 4500 | ||
|---|---|---|---|
| 001 | NCT_15094 | ||
| 008 | 120409s2012 ||||||viesd | ||
| 999 | |c 721 |d 721 | ||
| 020 | |c 46000 | ||
| 082 | 0 | 4 | |2 23rd ed. |a 631.4 |b H556 |
| 100 | 1 | |a Ngô Ngọc Hưng | |
| 245 | 1 | 0 | |a Giáo trình độc chất học môi trường đất |c Ngô Ngọc Hưng |
| 260 | |a Cần Thơ |b Nxb. Đại học Cần Thơ |c 2012 | ||
| 300 | |a 290tr. |b minh hoạ |c 24cm | ||
| 520 | 3 | |a Giới thiệu khái quát về sự ô nhiễm hoá học trong đất, độc chất hữu cơ trong đất, độc chất phóng xạ, độc chất hoá học và môi trường đất... Sự vận chuyển và chuyển biến độc chất trong đất, ảnh hưởng của độc chất hoá học trên tiến trình tuần hoàn dưỡng chất trong đất, một số chất độc kim loại nặng điển hình trong đất | |
| 653 | |a Quản lý đất đai | ||
| 655 | 7 | |a Giáo trình | |
| 942 | |2 ddc |c BK | ||
| 952 | |0 0 |1 0 |2 ddc |4 0 |6 631_400000000000000_H556 |7 0 |9 2608 |a 000001 |b 000001 |d 2017-11-06 |o 631.4 H556 |p MD.04233 |r 2017-11-06 |w 2017-11-06 |y BK | ||
| 952 | |0 0 |1 0 |2 ddc |4 0 |6 631_400000000000000_H556 |7 0 |9 2609 |a 000001 |b 000001 |d 2017-11-06 |o 631.4 H556 |p MD.04234 |r 2017-11-06 |w 2017-11-06 |y BK | ||
| 952 | |0 0 |1 0 |2 ddc |4 0 |6 631_400000000000000_H556 |7 0 |9 2610 |a 000001 |b 000001 |d 2017-11-06 |o 631.4 H556 |p MD.04235 |r 2017-11-06 |w 2017-11-06 |y BK | ||
| 952 | |0 0 |1 0 |2 ddc |4 0 |6 631_400000000000000_H556 |7 0 |9 2611 |a 000001 |b 000001 |d 2017-11-06 |o 631.4 H556 |p MD.04236 |r 2017-11-06 |w 2017-11-06 |y BK | ||
| 952 | |0 0 |1 0 |2 ddc |4 0 |6 631_400000000000000_H556 |7 0 |9 2612 |a 000001 |b 000001 |d 2017-11-06 |l 1 |o 631.4 H556 |p MD.04237 |r 2019-02-27 |s 2019-02-27 |w 2017-11-06 |y BK | ||
| 952 | |0 0 |1 0 |2 ddc |4 0 |6 631_400000000000000_H556 |7 0 |9 2613 |a 000001 |b 000001 |d 2017-11-06 |l 1 |m 1 |o 631.4 H556 |p MD.04238 |r 2020-07-06 |s 2020-06-15 |w 2017-11-06 |y BK | ||
| 952 | |0 0 |1 0 |2 ddc |4 0 |6 631_400000000000000_H556 |7 0 |9 2614 |a 000001 |b 000001 |d 2017-11-06 |l 1 |o 631.4 H556 |p MD.04239 |r 2019-11-05 |s 2019-10-23 |w 2017-11-06 |y BK | ||
| 952 | |0 0 |1 0 |2 ddc |4 0 |6 631_400000000000000_H556 |7 0 |9 2615 |a 000001 |b 000001 |d 2017-11-06 |o 631.4 H556 |p MD.04240 |r 2017-11-06 |w 2017-11-06 |y BK | ||
| 952 | |0 0 |1 0 |2 ddc |4 0 |6 631_400000000000000_H556 |7 0 |9 2616 |a 000001 |b 000001 |d 2017-11-06 |o 631.4 H556 |p MD.04241 |r 2017-11-06 |w 2017-11-06 |y BK | ||
| 980 | |a Thư viện Trường Đại học Nam Cần Thơ | ||